[Event "Mittelfrank Regionalliga Nord-West 2223"]
[Site "Mittelfranken"]
[Date "2023.02.05"]
[Round "6.7"]
[White "Dittmann, Rainer"]
[Black "Wisheckel, Florian"]
[Result "1-0"]
[WhiteElo "1910"]
[BlackElo "1808"]
[PlyCount "105"]
[EventDate "2022.10.09"]
[EventType "team-tourn"]
[EventRounds "9"]
[EventCountry "GER"]
[SourceTitle "EXT 2024"]
[Source "ChessBase"]
[SourceDate "2023.10.10"]
[SourceVersion "1"]
[SourceVersionDate "2023.10.10"]
[SourceQuality "1"]
[WhiteTeam "Schweinfurt"]
[BlackTeam "Stetten"]
[WhiteTeamCountry "GER"]
[BlackTeamCountry "GER"]

1. d4 Nf6 2. Nf3 e6 3. Bf4 b6 4. Nbd2 Bb7 5. e3 Be7 6. Bd3 0-0 7. h3 c5 8. c3 d5 9. Qe2 a5 10. Ne5 h6 11. g4 Nfd7 12. Ndf3 Nxe5 13. Bxe5 f6 14. Bg3 Bd6 15. Bxd6 Qxd6 16. Nh4 e5 17. Nf5 Qe6 18. Kd2 Ba6 19. Bxa6 Nxa6 20. Rae1 Rfe8 21. Qf3 b5 22. h4 b4 23. Rb1 exd4 24. exd4 bxc3+ 25. bxc3 Rab8 26. Rhe1 Rb2+ 27. Rxb2 Qxe1+ 28. Kc2 Re2+ 29. Kb3 c4+ 30. Ka3 Rxb2 31. Kxb2 Nc7 32. Qe3 Qd1 33. f3 Kh8 34. Ne7 Qa4 35. g5 Qd7 36. gxh6 Ne6 37. hxg7+ Kxg7 38. Nf5+ Kf7 39. Qh6 Nd8 40. Qh5+ Ke6 41. Ne3 Qd6 42. Qf5+ Ke7 43. Nxd5+ Kf7 44. Nf4 Nc6 45. Qd5+ Qxd5 46. Nxd5 Kg6 47. Ne3 Kh5 48. Ng2 Ne7 49. Kc2 Nd5 50. Kd2 f5 51. Ne3 Nxe3 52. Kxe3 Kxh4 53. Kf4 1-0

[Event "GER-ch U25 op"]
[Site "Willingen"]
[Date "2008.05.12"]
[Round "3"]
[White "Guennigmann, Manuel"]
[Black "Wisheckel, Florian"]
[Result "1-0"]
[WhiteElo "2043"]
[BlackElo "1749"]
[PlyCount "65"]
[EventDate "2008.05.11"]
[EventType "swiss"]
[EventRounds "9"]
[EventCountry "GER"]
[SourceTitle "CBM 124 Extra"]
[Source "ChessBase"]
[SourceDate "2008.07.03"]
[SourceVersion "1"]
[SourceVersionDate "2008.07.03"]
[SourceQuality "1"]

1. e4 e5 2. Nf3 Nc6 3. Bb5 a6 4. Ba4 Nf6 5. 0-0 b5 6. Bb3 Bc5 7. d3 0-0 8. Re1 h6 9. c3 Re8 10. Nbd2 Qe7 11. Nf1 d6 12. Ng3 Bb6 13. h3 Na5 14. Bc2 c5 15. Nh4 Nc6 16. Ngf5 Bxf5 17. Nxf5 Qd7 18. Qf3 h5 19. Bh6 g6 20. Ng7 Nh7 21. Nxe8 Rxe8 22. Be3 b4 23. Ba4 Ba5 24. Rec1 Qb7 25. cxb4 Bxb4 26. a3 Ba5 27. b4 Bb6 28. Rab1 c4 29. Rxc4 Rc8 30. Bxb6 Qxb6 31. Rbc1 Ng5 32. Qe3 Qxe3 33. fxe3 1-0

[Event "GER-ch U25"]
[Site "Willingen"]
[Date "2007.06.01"]
[Round "9"]
[White "Wittke, Rene"]
[Black "Wisheckel, Florian"]
[Result "1/2-1/2"]
[WhiteElo "1910"]
[BlackElo "1621"]
[PlyCount "55"]
[EventDate "2007.05.26"]
[EventType "swiss"]
[EventRounds "9"]
[EventCountry "GER"]
[SourceTitle "CBM 118 Extra"]
[Source "ChessBase"]
[SourceDate "2007.07.04"]
[SourceVersion "1"]
[SourceVersionDate "2007.07.04"]
[SourceQuality "1"]

1. e4 e5 2. d4 exd4 3. Nf3 Nc6 4. Bc4 Bb4+ 5. c3 dxc3 6. 0-0 Nge7 7. bxc3 Bc5 8. Ng5 Ne5 9. Nxf7 Nxf7 10. Bxf7+ Kxf7 11. Qh5+ g6 12. Qxc5 d6 13. Qe3 Rf8 14. Nd2 d5 15. Ba3 Re8 16. Nf3 Nf5 17. Qf4 dxe4 18. Rad1 Qf6 19. Qxc7+ Kg8 20. Rfe1 Qc6 21. Qxc6 bxc6 22. Ng5 e3 23. f3 Ba6 24. Ne4 e2 25. Rd2 Red8 26. Bc5 Rxd2 27. Nxd2 Rb8 28. Nb3 1/2-1/2

[Event "GER-ch U25"]
[Site "Willingen"]
[Date "2007.05.30"]
[Round "7"]
[White "Nuber, Blasius"]
[Black "Wisheckel, Florian"]
[Result "1-0"]
[WhiteElo "2026"]
[BlackElo "1621"]
[PlyCount "133"]
[EventDate "2007.05.26"]
[EventType "swiss"]
[EventRounds "9"]
[EventCountry "GER"]
[SourceTitle "CBM 118 Extra"]
[Source "ChessBase"]
[SourceDate "2007.07.04"]
[SourceVersion "1"]
[SourceVersionDate "2007.07.04"]
[SourceQuality "1"]

1. e4 e5 2. Nf3 Nc6 3. d4 exd4 4. Nxd4 Bc5 5. Nb3 Bb6 6. Nc3 Nf6 7. Bg5 h6 8. Bh4 d6 9. Bb5 a6 10. Bxc6+ bxc6 11. Qe2 Qe7 12. 0-0-0 g5 13. Bg3 Ng4 14. f3 Ne5 15. Bf2 Bb7 16. Na4 Bxf2 17. Qxf2 c5 18. h4 Qf6 19. hxg5 Qxg5+ 20. f4 Qf6 21. Rhf1 Ng4 22. Qe2 Qg6 23. Na5 Bc8 24. e5 0-0 25. exd6 cxd6 26. Nc4 Qe6 27. Qd3 d5 28. Ncb6 Rb8 29. Nxd5 Bb7 30. Rfe1 Qxd5 31. Qxd5 Bxd5 32. Rxd5 Rb4 33. Nxc5 Rxf4 34. Nd3 Rf6 35. Re4 Rf1+ 36. Re1 Rf6 37. Rd4 Rg6 38. Nf4 Rg5 39. c4 Rc8 40. Nd5 Kf8 41. Nb6 Rc6 42. Nd7+ Kg7 43. Re7 Nf2 44. Ne5 Rf6 45. Rdd7 Rgf5 46. c5 Ne4 47. c6 Rxe5 48. Rxe5 Rxc6+ 49. Kb1 Nc5 50. Rdd5 Ne6 51. a3 Nf4 52. Rd2 Rg6 53. b4 Nxg2 54. a4 Nf4 55. b5 axb5 56. axb5 Rb6 57. Rf5 Ne6 58. Ka2 Nc7 59. Rb2 Kg6 60. Rc5 Ne6 61. Rc6 Rb7 62. b6 Kf5 63. Rb5+ Ke4 64. Rc4+ Kd3 65. Rh4 Nd4 66. Rb4 Nc2 67. Rb3+ 1-0

[Event "GER-ch U25"]
[Site "Willingen"]
[Date "2007.05.27"]
[Round "2"]
[White "Wisheckel, Florian"]
[Black "Eidner, Falk"]
[Result "0-1"]
[WhiteElo "1621"]
[BlackElo "1951"]
[PlyCount "50"]
[EventDate "2007.05.26"]
[EventType "swiss"]
[EventRounds "9"]
[EventCountry "GER"]
[SourceTitle "CBM 118 Extra"]
[Source "ChessBase"]
[SourceDate "2007.07.04"]
[SourceVersion "1"]
[SourceVersionDate "2007.07.04"]
[SourceQuality "1"]

1. e4 e5 2. Nf3 Nc6 3. Nc3 Nf6 4. d3 Bc5 5. Be2 d6 6. 0-0 Be6 7. Be3 Bb6 8. d4 exd4 9. Nxd4 Nxd4 10. Bxd4 Bxd4 11. Qxd4 a6 12. Rad1 Qe7 13. Nd5 Bxd5 14. exd5 0-0 15. Rfe1 Qd7 16. Rd3 Rae8 17. Qc3 Ne4 18. Qd4 f5 19. Bf3 Re5 20. Rde3 Qb5 21. Bxe4 fxe4 22. c4 Qa5 23. a3 Rfe8 24. Rxe4 Qxe1+ 25. Rxe1 Rxe1# 0-1

[Event "GER-ch op U25"]
[Site "Willingen"]
[Date "2006.06.08"]
[Round "8"]
[White "Wisheckel, Florian"]
[Black "Weber, Andre"]
[Result "1-0"]
[WhiteElo "1482"]
[BlackElo "1611"]
[PlyCount "83"]
[EventDate "2006.06.04"]
[EventType "swiss"]
[EventRounds "9"]
[EventCountry "GER"]
[SourceTitle "EXT 2007"]
[Source "ChessBase"]
[SourceDate "2006.11.23"]
[SourceVersion "1"]
[SourceVersionDate "2006.11.23"]
[SourceQuality "1"]

1. e4 c5 2. Nf3 d6 3. Nc3 Nc6 4. Bc4 Bg4 5. h3 Bh5 6. d3 e6 7. Be3 a6 8. g4 Bg6 9. a3 Nge7 10. Nh4 d5 11. f4 h6 12. f5 Bh7 13. Ba2 Qd6 14. Bf2 g5 15. Ng2 Bg7 16. Qd2 b5 17. Bb3 Ne5 18. Qe2 d4 19. Nd1 Rc8 20. Bg3 N7c6 21. Rf1 c4 22. dxc4 d3 23. Qd2 Nd4 24. Bxe5 Bxe5 25. Qxd3 bxc4 26. Bxc4 Bg3+ 27. Nf2 Rxc4 28. Qxc4 Nf3+ 29. Ke2 Nd4+ 30. Ke3 Bf4+ 31. Nxf4 gxf4+ 32. Kd3 Nb5+ 33. Ke2 Nd4+ 34. Kd2 0-0 35. Nd3 exf5 36. e5 Qd7 37. Rxf4 Ne6 38. Rf2 Rc8 39. Qb4 fxg4 40. Qxg4+ Kf8 41. Raf1 Ng5 42. Qxd7 1-0

[Event "GER-ch op U25"]
[Site "Willingen"]
[Date "2006.06.06"]
[Round "5"]
[White "Zimmerer, David"]
[Black "Wisheckel, Florian"]
[Result "0-1"]
[WhiteElo "1226"]
[BlackElo "1482"]
[PlyCount "72"]
[EventDate "2006.06.04"]
[EventType "swiss"]
[EventRounds "9"]
[EventCountry "GER"]
[SourceTitle "EXT 2007"]
[Source "ChessBase"]
[SourceDate "2006.11.23"]
[SourceVersion "1"]
[SourceVersionDate "2006.11.23"]
[SourceQuality "1"]

1. e4 e5 2. Nf3 Nf6 3. Nxe5 d6 4. Nf3 Nxe4 5. d4 d5 6. Bd3 Be7 7. c4 Bg4 8. 0-0 Ng5 9. Bxg5 Bxg5 10. Re1+ Be7 11. Nbd2 0-0 12. Qc2 g6 13. cxd5 Bb4 14. Ne5 Bc8 15. Nef3 Qxd5 16. Re5 Qd8 17. Be4 Bd6 18. Rb5 c6 19. Rb3 Be6 20. Rd3 f5 21. Ng5 Qxg5 22. Rg3 Bxg3 23. fxg3 fxe4 24. Nxe4 Qe3+ 25. Kh1 Bd5 26. Qd2 Qxe4 27. Re1 Nd7 28. Kg1 Bc4 29. Kh1 Rf1+ 30. Rxf1 Bxf1 31. h4 Nf6 32. Qf2 Qe2 33. Qxe2 Bxe2 34. Kg1 Ng4 35. d5 Rf8 36. dxc6 Rf1# 0-1

[Event "Unterfranken-ch HB 56th"]
[Site "Stetten"]
[Date "2005.03.30"]
[Round "5"]
[White "Koehler, Reiner"]
[Black "Wisheckel, Florian"]
[Result "1-0"]
[WhiteElo "1738"]
[BlackElo "1387"]
[PlyCount "67"]
[EventDate "2005.03.28"]
[EventType "swiss"]
[EventRounds "9"]
[EventCountry "GER"]
[SourceTitle "EXT 2015"]
[Source "ChessBase"]
[SourceDate "2014.11.20"]
[SourceVersion "1"]
[SourceVersionDate "2014.11.20"]
[SourceQuality "1"]

1. d4 d5 2. Nf3 Nc6 3. c4 dxc4 4. d5 Nb4 5. Qa4+ c6 6. Qxb4 cxd5 7. e3 a6 8. Qd2 Nf6 9. Nc3 e6 10. Be2 Bb4 11. 0-0 Bd7 12. Qc2 b5 13. a3 Ba5 14. Bd2 0-0 15. Ne5 Qc7 16. f4 Bxc3 17. Bxc3 Ne4 18. Bf3 Nc5 19. Bb4 Nb3 20. Bxf8 Nxa1 21. Rxa1 Rxf8 22. Nxd7 Qxd7 23. g4 f6 24. Qd2 f5 25. gxf5 Rxf5 26. Kf2 Qd6 27. Rg1 Rf7 28. Qd4 Qc7 29. h4 Rf6 30. Qxf6 Qd7 31. Qe5 Qe7 32. h5 Qh4+ 33. Ke2 Qe7 34. h6 1-0